[Event "COL-ch (Women)"]
[Site "Cartagena"]
[Date "2007.06.20"]
[Round "12"]
[White "Franco Valencia, Angela Maria"]
[Black "Chaucanes, Lina Marcela"]
[Result "1-0"]
[WhiteElo "2124"]
[BlackElo "1969"]
[PlyCount "49"]
[EventDate "2007.06.13"]
[EventType "tourn"]
[EventRounds "13"]
[EventCountry "COL"]
[SourceTitle "CBM 119 Extra"]
[Source "ChessBase"]
[SourceDate "2007.09.04"]
[SourceVersion "1"]
[SourceVersionDate "2007.09.04"]
[SourceQuality "1"]

1. e4 c5 2. Nf3 e6 3. d3 d5 4. Nbd2 Nf6 5. g3 Be7 6. Bg2 0-0 7. 0-0 Nc6 8. e5 Nd7 9. Re1 Rb8 10. Nf1 b5 11. h4 Bb7 12. N1h2 Re8 13. Bf4 Bf8 14. h5 Nd4 15. Qd2 Nxf3+ 16. Nxf3 c4 17. d4 a5 18. g4 b4 19. g5 g6 20. Nh2 Rc8 21. Qe3 Bg7 22. Ng4 Nf8 23. Nf6+ Bxf6 24. gxf6 a4 25. Bg3 1-0

[Event "COL-ch (Women)"]
[Site "Cartagena"]
[Date "2007.06.19"]
[Round "11"]
[White "Chaucanes, Lina Marcela"]
[Black "Rivera, Ingris"]
[Result "0-1"]
[WhiteElo "1969"]
[BlackElo "2138"]
[PlyCount "60"]
[EventDate "2007.06.13"]
[EventType "tourn"]
[EventRounds "13"]
[EventCountry "COL"]
[SourceTitle "CBM 119 Extra"]
[Source "ChessBase"]
[SourceDate "2007.09.04"]
[SourceVersion "1"]
[SourceVersionDate "2007.09.04"]
[SourceQuality "1"]

1. e4 c5 2. Nf3 d6 3. c3 Nf6 4. Be2 Nbd7 5. Qc2 b6 6. 0-0 Bb7 7. d3 c4 8. Nbd2 cxd3 9. Bxd3 g6 10. Re1 Bg7 11. e5 dxe5 12. Nxe5 Nxe5 13. Rxe5 0-0 14. Re1 Rc8 15. Ne4 Nd5 16. Qe2 Qc7 17. Bg5 h6 18. Be3 f5 19. Nd2 e5 20. f3 Rfd8 21. Bc4 Kh7 22. Bb3 Rd6 23. Bxd5 Rxd5 24. Nb3 Rcd8 25. Rad1 Ba6 26. Qc2 Bd3 27. Qc1 Qc4 28. f4 Be4 29. fxe5 Rxd1 30. Rxd1 Qe2 0-1

[Event "COL-ch (Women)"]
[Site "Cartagena"]
[Date "2007.06.18"]
[Round "9"]
[White "Chaucanes, Lina Marcela"]
[Black "Palao, Maricela"]
[Result "0-1"]
[WhiteElo "1969"]
[BlackElo "2142"]
[PlyCount "74"]
[EventDate "2007.06.13"]
[EventType "tourn"]
[EventRounds "13"]
[EventCountry "COL"]
[SourceTitle "CBM 119 Extra"]
[Source "ChessBase"]
[SourceDate "2007.09.04"]
[SourceVersion "1"]
[SourceVersionDate "2007.09.04"]
[SourceQuality "1"]

1. e4 c5 2. Nf3 Nc6 3. c3 g6 4. d4 cxd4 5. Nxd4 Bg7 6. Na3 d6 7. Bc4 Nf6 8. Qe2 0-0 9. 0-0 Bd7 10. Rd1 Qc7 11. f3 a6 12. Nac2 Nxd4 13. cxd4 Rac8 14. Bb3 Bb5 15. Qf2 Nd7 16. Ne3 Nf6 17. Bd2 Qb6 18. Bc3 e6 19. e5 Nd7 20. d5 dxe5 21. dxe6 fxe6 22. a4 Nc5 23. Nd5 Qd8 24. axb5 Nxb3 25. Nb6 Qc7 26. Rd7 Nxa1 27. Rxc7 Rxc7 28. Qe2 axb5 29. Qd1 Rc6 30. Bb4 Bh6 31. Kf2 Bf4 32. Qd7 Rc2+ 33. Ke1 Rc1+ 34. Ke2 Rc2+ 35. Kd3 Rxb2 36. Qxe6+ Rf7 37. Nd5 Rb3+ 0-1

[Event "COL-ch (Women)"]
[Site "Cartagena"]
[Date "2007.06.13"]
[Round "1"]
[White "Mateus, Martha"]
[Black "Chaucanes, Lina Marcela"]
[Result "1-0"]
[WhiteElo "2130"]
[BlackElo "1969"]
[PlyCount "43"]
[EventDate "2007.06.13"]
[EventType "tourn"]
[EventRounds "13"]
[EventCountry "COL"]
[SourceTitle "CBM 119 Extra"]
[Source "ChessBase"]
[SourceDate "2007.09.04"]
[SourceVersion "1"]
[SourceVersionDate "2007.09.04"]
[SourceQuality "1"]

1. e4 c5 2. Nf3 e6 3. d4 cxd4 4. Nxd4 a6 5. Bd3 Qc7 6. 0-0 Nf6 7. Qe2 d6 8. f4 Nc6 9. Nf3 Be7 10. Nc3 Nb4 11. Kh1 Nxd3 12. cxd3 b5 13. e5 Nd7 14. exd6 Qxd6 15. f5 exf5 16. Re1 Nf6 17. Bf4 Qd8 18. Nd4 Ng8 19. Nc6 Qd7 20. Nd5 Kf8 21. Ncxe7 Bb7 22. Nb6 1-0

[Event "Cali TAEI op 2nd"]
[Site "Cali"]
[Date "2007.05.18"]
[Round "?"]
[White "Chaucanes, Lina Marcela"]
[Black "Diaz, Cristian Camilo"]
[Result "1-0"]
[WhiteElo "1969"]
[BlackElo "2052"]
[PlyCount "69"]
[EventDate "2007.05.18"]
[EventType "swiss"]
[EventRounds "11"]
[EventCountry "COL"]
[SourceTitle "EXT 2024"]
[Source "ChessBase"]
[SourceDate "2023.10.10"]
[SourceVersion "1"]
[SourceVersionDate "2023.10.10"]
[SourceQuality "1"]

1. e4 c5 2. c3 d5 3. exd5 Qxd5 4. d4 Nf6 5. Nf3 Bg4 6. Be2 Nc6 7. c4 Qd6 8. d5 Ne5 9. 0-0 Bxf3 10. Bxf3 0-0-0 11. Qe2 h5 12. Bf4 Nxf3+ 13. Qxf3 Qb6 14. Nc3 e6 15. dxe6 Qxe6 16. Nb5 Qa6 17. Rfd1 Be7 18. Qh3+ Rd7 19. Rxd7 Nxd7 20. Rd1 Qe6 21. Nxa7+ Kd8 22. Qb3 Qa6 23. Qd3 Qe6 24. Nb5 Re8 25. Nc7 Qc6 26. Qa3 Bd6 27. Nxe8 Bxf4 28. Nxg7 Qg6 29. Qa8+ Kc7 30. Ne8+ Kc6 31. Qc8+ Kb6 32. Qxd7 Qc2 33. Qb5+ Ka7 34. Qa5+ Kb8 35. Rd8# 1-0

[Event "Pan American-ch U20 Girls"]
[Site "Bogota"]
[Date "2006.09.06"]
[Round "6"]
[White "Chaucanes, Lina Marcela"]
[Black "Heredia Serrano, Carla Sofia"]
[Result "1/2-1/2"]
[WhiteElo "1982"]
[BlackElo "1960"]
[PlyCount "54"]
[EventDate "2006.09.03"]
[EventType "swiss"]
[EventRounds "9"]
[EventCountry "COL"]
[SourceTitle "CBM 114 Extra"]
[Source "ChessBase"]
[SourceDate "2006.11.03"]
[SourceVersion "1"]
[SourceVersionDate "2006.11.03"]
[SourceQuality "1"]

1. e4 c6 2. d4 d5 3. exd5 cxd5 4. c4 Nf6 5. Nc3 Nbd7 6. Nf3 g6 7. c5 Bg7 8. Qb3 Nb8 9. Bf4 0-0 10. Be5 Nc6 11. Rd1 Na5 12. Qa3 Bg4 13. Be2 Nc6 14. 0-0 a6 15. b4 Ne4 16. Bxg7 Kxg7 17. h3 Bxf3 18. Bxf3 Nxc3 19. Qxc3 e6 20. a4 a5 21. b5 Nb4 22. Rfe1 Rc8 23. Rb1 Qc7 24. Be2 b6 25. Rec1 Na2 26. Qb2 Nxc1 27. Rxc1 Qb7 1/2-1/2

[Event "Pan American-ch U20 Girls"]
[Site "Bogota"]
[Date "2006.09.04"]
[Round "2"]
[White "Chaucanes, Lina Marcela"]
[Black "Zapata, Talia"]
[Result "1/2-1/2"]
[WhiteElo "1982"]
[BlackElo "2041"]
[PlyCount "143"]
[EventDate "2006.09.03"]
[EventType "swiss"]
[EventRounds "9"]
[EventCountry "COL"]
[SourceTitle "CBM 114 Extra"]
[Source "ChessBase"]
[SourceDate "2006.11.03"]
[SourceVersion "1"]
[SourceVersionDate "2006.11.03"]
[SourceQuality "1"]

1. e4 c5 2. c3 d5 3. exd5 Qxd5 4. d4 Nf6 5. Nf3 Bg4 6. Be2 e6 7. 0-0 Nc6 8. Be3 cxd4 9. cxd4 Be7 10. Nc3 Qd6 11. Qb3 0-0 12. Rfd1 Nb4 13. Nb5 Qb8 14. Rac1 Nbd5 15. h3 Bh5 16. Rd2 a6 17. Nc3 b5 18. a4 bxa4 19. Qxa4 Qb6 20. Nxd5 Nxd5 21. Ne5 Bxe2 22. Rxe2 Qb5 23. Qd1 Rfc8 24. Rec2 Rxc2 25. Qxc2 h6 26. Bd2 Bf6 27. Qc6 Qxc6 28. Rxc6 Bxe5 29. dxe5 a5 30. b3 a4 31. bxa4 Rxa4 32. Rc1 Kh7 33. Re1 Kg6 34. g3 Kf5 35. Kg2 h5 36. Bc1 g5 37. Re2 Rc4 38. Bb2 Ne7 39. Kf3 g4+ 40. hxg4+ hxg4+ 41. Kg2 Nc6 42. f3 gxf3+ 43. Kxf3 Nd4+ 44. Bxd4 Rxd4 45. Re1 Ra4 46. Re3 Rb4 47. Re1 Rb5 48. g4+ Kg5 49. Re4 Rb3+ 50. Kf2 Rh3 51. Rb4 Rh2+ 52. Kf3 Ra2 53. Rb7 Ra3+ 54. Ke4 Ra4+ 55. Kf3 Rf4+ 56. Ke3 Kxg4 57. Rc7 Kg5 58. Rb7 Rf1 59. Ke4 Kg6 60. Ra7 Rh1 61. Rb7 Rh4+ 62. Ke3 Ra4 63. Rc7 Kf5 64. Rxf7+ Kxe5 65. Rh7 Ra3+ 66. Kd2 Kd4 67. Rh4+ Kd5 68. Rb4 e5 69. Ke2 e4 70. Rb8 Ra2+ 71. Ke3 Ra3+ 72. Ke2 1/2-1/2